Sexo y salud para adultos y adolescentes : guía para prevenir y resolver los trastornos sexuales y disfrutar de la sexualidad /

Detalles Bibliográficos
Autores principales: Pallarés, Miguel, 1948- (Autor), Molero Rodríguez, Francisca (Autor), Pallarés, Ester Pallarés Sanz (Autor)
Formato: Electrónico eBook
Lenguaje:español
Publicado: Sabadell (Barcelona) : Montaber : Marge Books, [2023]
Edición:2a edición.
Colección:Colección Crítica y ensayo.
Materias:
Acceso en línea:Digitalia Hispánica

MARC

LEADER 00000nam a2200000Ii 4500
001 DIGMARGE0242
003 NyNyDIG
006 m o d
007 cr |||||||||||
008 240626s2023 sp a ob 000 0 spa d
035 |a (OCoLC)1442496293 
040 |a DGITA  |b eng  |e rda  |e pn  |c DGITA 
020 |a 9788419109781  |q edición digital 
020 |z 9788419109774  |q edición impresa 
050 1 4 |a HQ56 ebook 
100 1 |a Pallarés, Miguel,  |d 1948-  |e author. 
245 1 0 |a Sexo y salud para adultos y adolescentes :  |b guía para prevenir y resolver los trastornos sexuales y disfrutar de la sexualidad /  |c Miguel Pallarés ; Francisca Molero, Ester Pallarés. 
246 3 0 |a Guía para prevenir y resolver los trastornos sexuales y disfrutar de la sexualidad 
250 |a 2a edición. 
264 1 |a Sabadell (Barcelona) :  |b Montaber :  |b Marge Books,  |c [2023] 
300 |a 1 online resource :  |b illustrations. 
336 |a text  |b txt  |2 rdacontent 
337 |a computer  |b c  |2 rdamedia 
338 |a online resource  |b cr  |2 rdacarrier 
347 |a text file  |2 rdaft 
347 |b PDF 
490 1 |a Colección: Crítica y ensayo 
500 |a Subtitle taken from cover. 
504 |a Includes bibliographical references. 
588 0 |a Online resource; title from PDF title page (Digitalia, viewed June 26, 2024) 
650 0 |a Sex instruction. 
650 0 |a Sexual disorders. 
700 1 |a Molero Rodríguez, Francisca,  |e author. 
700 1 |a Pallarés, Ester Pallarés Sanz,  |e author. 
791 2 |a Digitalia (Firm),  |e distributor. 
793 0 |g Digitalia eBook Collection:  |a Marge Books 
776 0 8 |i Print version:  |a Pallarés, Miguel, 1948-  |t Sexo y salud para adultos y adolescentes.  |b 2a edición.  |d Sabadell (Barcelona) : Montaber : Marge Books, [2023]  |z 9788419109774 
830 0 |a Colección Crítica y ensayo. 
856 4 0 |3 Digitalia Hispánica  |u https://www.digitaliapublishing.com/a/144152/ 
910 |a Premium collection: 2024